MARC details
| 000 -CABECERA |
| campo de control de longitud fija |
02357nam a2200373 i 4500 |
| 001 - NÚMERO DE CONTROL |
| campo de control |
000002244 |
| 003 - IDENTIFICADOR DEL NÚMERO DE CONTROL |
| campo de control |
DO-SdBNP |
| 005 - FECHA Y HORA DE LA ÚLTIMA TRANSACCIÓN |
| campo de control |
20250617100430.0 |
| 007 - CAMPO FIJO DE DESCRIPCIÓN FÍSICA--INFORMACIÓN GENERAL |
| campo de control de longitud fija |
ta |
| 008 - DATOS DE LONGITUD FIJA--INFORMACIÓN GENERAL |
| campo de control de longitud fija |
090701s2005 dr r 001 0 spa d |
| 020 ## - NÚMERO INTERNACIONAL ESTÁNDAR DEL LIBRO |
| Número Internacional Estándar del Libro |
9993449342 |
| 040 ## - FUENTE DE LA CATALOGACIÓN |
| Centro catalogador/agencia de origen |
DO-SdBNP |
| Lengua de catalogación |
spa |
| Centro/agencia transcriptor |
BNPHU |
| Normas de descripción |
rda |
| 082 #4 - NÚMERO DE LA CLASIFICACIÓN DECIMAL DEWEY |
| Número de clasificación |
410 |
| Número de documento/Ítem |
M433e |
| Número de edición |
22 |
| 100 1# - ENTRADA PRINCIPAL--NOMBRE DE PERSONA |
| Nombre de persona |
Matos Moquete, Manuel, |
| Fechas asociadas al nombre |
1944- |
| Término indicativo de función/relación |
autor |
| Código de función/relación |
aut. |
| 9 (RLIN) |
6349 |
| 245 10 - MENCIÓN DE TÍTULO |
| Título |
Estudios translingüísticos / |
| Mención de responsabilidad, etc. |
Manuel Matos Moquete ; presentación, Odalís G. Pérez ; editor, Amado Alexis Santana Chalas. |
| 264 #1 - PRODUCCIÓN, PUBLICACIÓN, DISTRIBUCIÓN, FABRICACIÓN Y COPYRIGHT |
| Producción, publicación, distribución, fabricación y copyright |
Santo Domingo : |
| Nombre del de productor, editor, distribuidor, fabricante |
Secretaría de Estado de Cultura, |
| Fecha de producción, publicación, distribución, fabricación o copyright |
2005. |
| 300 ## - DESCRIPCIÓN FÍSICA |
| Extensión |
256 páginas ; |
| Dimensiones |
23 cm. |
| 336 ## - TIPO DE CONTENIDO |
| Término de tipo de contenido |
texto |
| Código de tipo de contenido |
txt |
| Fuente |
rdacontent |
| 337 ## - TIPO DE MEDIO |
| Nombre/término del tipo de medio |
sin mediación |
| Código del tipo de medio |
n |
| Fuente |
rdamedia |
| 338 ## - TIPO DE SOPORTE |
| Nombre/término del tipo de soporte |
volumen |
| Código del tipo de soporte |
nc |
| Fuente |
rdacarrier |
| 490 1# - MENCIÓN DE SERIE |
| Mención de serie |
Colección Premios Nacionales |
| 500 ## - NOTA GENERAL |
| Nota general |
Incluye referencias bibliográficas y notas al pie de las páginas |
| 505 2# - NOTA DE CONTENIDO CON FORMATO |
| Nota de contenido con formato |
Presentación -- |
| Título |
Introducción -- |
| -- |
El espacio del discurso -- |
| -- |
De la linguística a la translingüística -- |
| -- |
El discurso científico -- |
| -- |
El habla popular en el discurso científico -- |
| -- |
Versificación y metapoesía -- Pedro Henríquez Ureña y la versificación fluctuante -- |
| -- |
Metapoesía y lenguaje poético -- |
| -- |
Fusión de dos códigos : el místico y el poético -- |
| -- |
Enseñanza de la lengua -- |
| -- |
Orientaciones teórico-metodológicas en lingüística aplicada y enseñanza de la lengua -- |
| -- |
La comprensión como proceso interactivo -- |
| -- |
Investigaciones sociolingüísticas -- |
| -- |
La lingüística en busca del Caribe -- |
| -- |
Arturo Jimenes Sabater ¿Sociolingüística o lingüística social? -- |
| -- |
Rafael González Tirado : del núcleo a la periferia de la lingüística -- |
| -- |
Lengua, cultura y discriminación -- |
| -- |
Género y sexo -- |
| -- |
El discurso del prejuicio racial antihaitiano. |
| 586 ## - NOTA DE PREMIOS |
| Nota de premios |
Premio Anual de Ensayo Pedro Henríquez Ureña, Modalidad Ensayo Científico, 2005 |
| 590 ## - NOTA LOCAL (RLIN) |
| Nota local |
Inventariado, 2018/VM |
| 600 10 - PUNTO DE ACCESO ADICIONAL DE MATERIA--NOMBRE DE PERSONA |
| Nombre de persona |
Henríquez Ureña, Pedro, |
| Fechas asociadas al nombre |
1884-1946 |
| Subdivisión general |
Crítica textual |
| 9 (RLIN) |
1718 |
| 600 10 - PUNTO DE ACCESO ADICIONAL DE MATERIA--NOMBRE DE PERSONA |
| Nombre de persona |
Jimenes Sabater, Arturo |
| Subdivisión general |
Crítica textual |
| 9 (RLIN) |
7157 |
| 600 10 - PUNTO DE ACCESO ADICIONAL DE MATERIA--NOMBRE DE PERSONA |
| Nombre de persona |
González Tirado, Rafael |
| Subdivisión general |
Crítica textual |
| 9 (RLIN) |
7158 |
| 650 #4 - PUNTO DE ACCESO ADICIONAL DE MATERIA--TÉRMINO DE MATERIA |
| Término de materia o nombre geográfico como elemento de entrada |
Lingüística aplicada |
| 9 (RLIN) |
7159 |
| 650 #0 - PUNTO DE ACCESO ADICIONAL DE MATERIA--TÉRMINO DE MATERIA |
| Término de materia o nombre geográfico como elemento de entrada |
Sociolingüística |
| Subdivisión general |
Investigaciones |
| 9 (RLIN) |
27887 |
| 700 1# - PUNTO DE ACCESO ADICIONAL--NOMBRE DE PERSONA |
| Nombre de persona |
Pérez, Odalíz G., |
| Término indicativo de función/relación |
presentación |
| Código de función/relación |
pre. |
| 9 (RLIN) |
7161 |
| 700 1# - PUNTO DE ACCESO ADICIONAL--NOMBRE DE PERSONA |
| Nombre de persona |
Santana Chalas, Amado Alexis, |
| Término indicativo de función/relación |
editor |
| Código de función/relación |
ed. |
| 9 (RLIN) |
854 |
| 942 ## - ELEMENTOS DE PUNTO DE ACCESO ADICIONAL (KOHA) |
| Fuente del sistema de clasificación o colocación |
Dewey Decimal Classification |
| Tipo de ítem Koha |
Libro |